000 00572nam a2200181Ia 4500
003 GCL
008 140319s9999 xx 000 0 ara d
040 _aGCL /
_cGCL
082 0 4 _a214.3
_bم م
100 1 _aمحمد عبدالجبار
245 1 0 _aالمجتمع- بحوث فى المذاهب الاجتماعى القرانى /
_cمحمد عبدالجبار
260 _a[S.N] :
_bدار الاضواء ،
_c1987
300 _a187 ص
490 _a
650 0 4 _aالاسلام والمجتمع
650 0 4 _aالاجتماع الاسلامى
942 _2ddc
_cBK
999 _c58996
_d58996